[Event "France-ch U14 Girls"]
[Site "Reims"]
[Date "2004.04.19"]
[Round "3"]
[White "Esposito, Julie"]
[Black "Maurer, Severine"]
[Result "1-0"]
[WhiteElo "1830"]
[BlackElo "1430"]
[PlyCount "83"]
[EventDate "2004.04.??"]
[EventType "swiss"]
[EventRounds "9"]
[EventCountry "FRA"]
[SourceTitle "EXT 2005"]
[Source "ChessBase"]
[SourceDate "2004.11.15"]
[SourceVersion "1"]
[SourceVersionDate "2004.11.15"]
[SourceQuality "1"]

1. e4 e5 2. Nf3 Nc6 3. Bc4 Nf6 4. d3 Bc5 5. Nc3 d6 6. h3 h6 7. Be3 Bd4 8. Bxd4 Nxd4 9. Nxd4 exd4 10. Ne2 c5 11. Ng3 0-0 12. 0-0 b6 13. Re1 Re8 14. Bb5 Re7 15. Qf3 d5 16. exd5 Rxe1+ 17. Rxe1 Bd7 18. Bc6 Rb8 19. Nf5 Qc8 20. Ne7+ Kf8 21. Nxc8 Rxc8 22. Bxd7 Nxd7 23. Qf5 Rd8 24. Qh7 Nf6 25. Qf5 Nxd5 26. Re5 Ne7 27. Qf3 Ng6 28. Rf5 Rd7 29. Qc6 Re7 30. Qxg6 a5 31. Qxb6 a4 32. Rd5 g6 33. Qxc5 f6 34. Qxd4 Kf7 35. Rd7 g5 36. Qd5+ Kf8 37. Qd6 Kf7 38. Qxe7+ Kg6 39. Qe4+ f5 40. Qe6+ Kh5 41. Rh7 g4 42. Qxh6# 1-0